World Languages Bunker Quiz Stats

 Plays Quiz Updated Aug 20, 2018

Score 0/15 Timer 06:00
20 Plays Today
Question Answer % Correct
????
100%
????
98.2%
????
89.1%
????
63.1%
????
54.3%
????
45.3%
????
38.6%
????
32.3%
Question Answer % Correct
????
23.8%
????
18.8%
????
17.5%
????
12.8%
????
11.3%
????
7.3%
????
5.3%

You're not logged in!

Compare scores with friends on all Sporcle quizzes.
OR
Log In

Show Comments

Extras

Top Quizzes Today


Score Distribution

Your Account Isn't Verified!

In order to create a playlist on Sporcle, you need to verify the email address you used during registration. Go to your Sporcle Settings to finish the process.

Report this User

Report this user for behavior that violates our Community Guidelines.

Details: